000 00432nam a2200181Ia 4500
001 3548
005 20260306145651.0
008 260306t2015||||xx |||||||||||||| ||spa||
041 _aESP
082 _a289
_bG26 V. 1
100 _aGarreaud Indacochea, Emilio Julio
_eAUT
245 0 _aLa solidaridad laical
260 _c2015
300 _a205 páginas :
_c24 cm.
650 _aGEN
654 _aCHU
942 _cLIB
_dJUS
_fJUS
_2ddc
_n
999 _c3548
_d3548